=LDR 00000nam 2200000 4500 =001 INLIS000000000024510 =005 20200812075704 =035 ##$$a 0010-061300000024510 =008 200812################g##########0#ind## =041 ##$$a Ind =082 ##$$a 2X9.8 =090 ##$$a 2X9.8, Kha d =100 1#$$a Khalid, Khalid Muh =245 1#$$a Duta islam yang pertama ( Mus'ab bin umair ), /$c Khalid Muh Khalid =260 ##$$a Bandung :$b cv. Diponegoro,$c 1994 =300 ##$$a 84 hlm, ; $c 11 x 18 cm =650 #4$$a Tokokh-tokoh islam =850 ##$$a NBPNMAT =084 ##$$a 2X9.8 KHA d =250 ##$$a cet.1 =990 ##$$a 00044464 =990 ##$$a 00044465